Country Compass - The Netherlands - Statistics

General Stats
  • This quiz has been taken 19 times
  • The average score is 12 of 13
Answer Stats
Answer % Correct
Finland
94%
Norway
94%
Portugal
94%
Spain
94%
Sweden
94%
Belarus
88%
Italy
88%
Latvia
88%
Romania
88%
Ukraine
88%
Estonia
82%
Montenegro
82%
Serbia
82%
No matching quizzes found
Score Distribution
Percent of People with Each Score
Percentile by Number Answered
Your Score History
You have not taken this quiz